Normal view MARC view

Entry Personal Name

Number of records used in: 1

001 - CONTROL NUMBER

  • control field: 624237

003 - CONTROL NUMBER IDENTIFIER

  • control field: OSt

005 - DATE AND TIME OF LATEST TRANSACTION

  • control field: 20221005111802.0

008 - FIXED-LENGTH DATA ELEMENTS

  • fixed length control field: 221005|| aca||aabn | a|a d

040 ## - CATALOGING SOURCE

  • Original cataloging agency: OSt
  • Transcribing agency: OSt

100 ## - HEADING--PERSONAL NAME

  • Personal name: शास्त्री, हरिदत्त व्याख्याकार, अनु

670 ## - SOURCE DATA FOUND

  • Source citation: Work cat.: (OSt)1022895: शास्त्री, हरिदत्त व्याख्याकार, अनु., ऋक्-सूक्त-संग्रहः - हिंदी व संस्कृत व्याख्या सहित, 1980
Copyright @ Delhi University Library System